| 000 | 01776nam a2200337 4500 | ||
|---|---|---|---|
| 001 | 113825 | ||
| 003 | DR-UNIBE | ||
| 005 | 20250709085736.0 | ||
| 008 | 250703b2006 dr ||||| |||| 00| 0 spa d | ||
| 040 |
_aBIBLIOTECA UNIBE _bspa _cBIBLIOTECA UNIBE _erda |
||
| 041 | _aspa | ||
| 082 |
_222 _aRD 372.8 R822t |
||
| 100 | 1 | 0 |
_aRosoli Murillo, Analia _eautor _927643 |
| 100 |
_aLima Jiménez, Dinorah de _eautor _epropuesta psicopedagógica _969880 |
||
| 245 | 1 | 0 |
_aTalleres integrados de lectoescritura 1 : _bautobiografía, textos científicos y reportes / _cAnalia Rosoli, Dinorah de Lima Jiménez |
| 250 | _aPrimera edición | ||
| 260 |
_a Santo Domingo : _bAgencia de los Estados Unidos para el Desarrollo Internacional (USAID) : _bCETT, _c2006 |
||
| 300 |
_a103 páginas : _bilustraciones a color ; _c27 x 21 cm |
||
| 500 | _a Guía de trabajo docente /cuarto grado de la educación primaria básica | ||
| 505 | _a¿Qué encontrará en esta guía | A. Unidad temática: mi autobiografía | B. Unidad temática: las vacunas son importantes | C. Unidad temática: Los sonidos y el silencio | D. Proyecto de aula: te cuento algo de mi | E. Referencias bibliográficas | ||
| 650 | 7 |
_2lemb _a Lectura _xEducación primaria _9197189 |
|
| 650 | 7 |
_2lemb _aComprensión de lectura _xGuías _9197190 |
|
| 650 | 7 |
_2lemb _aEscritura _xEducación primaria _9197191 |
|
| 700 | 1 | 0 |
_aCarrasco, Rafaela _9196964 _ecolaborador |
| 700 | 1 | 0 |
_aMontenegro, Liliana _955076 _ecolaborador |
| 700 | 1 | 0 |
_aMena, Norma _9196965 _ecolaborador |
| 700 | 1 | 0 |
_aOlloqui, Marta de _9196988 _ediseñador _ediagramador _eilustrador |
| 700 | 1 | 0 |
_aCepeda, Frank E. _9196989 _ediseñador _ediagrmador _eilustrador |
| 700 | 1 | 0 |
_aHerrera Chez, Homero _9196990 _ediseñador _ediagramador _eilustrador |
| 942 |
_2ddc _cBK |
||
| 999 |
_c113825 _d113825 |
||